| 000 | 00936nam a2200241 a 4500 | ||
|---|---|---|---|
| 001 | 000008971 | ||
| 003 | OSt | ||
| 005 | 20240412074208.0 | ||
| 008 | 090922s1957 dr 000 p spa d | ||
| 040 |
_aDO-SdBNP _bspa _cBNPHU |
||
| 082 |
_aRD861.08 _bA345s _222 |
||
| 245 | 0 | 0 |
_aAlbum simbólico / _cedición Manuel E. Suncar Chevalier. |
| 260 |
_aCiudad Trujillo, Santo Domingo : _bAteneo Dominicano, _c1957. |
||
| 300 |
_a365 p. ; _c25 cm. |
||
| 500 | _aHomenaje de los poetas dominicanos al generalisimo Dr. Rafael L. Trujillo Molina, Padre de la Patria Nueva en el vigésimoquinto aniversario de la era de Trujillo, 1955. | ||
| 590 | _aInventariado, 2019/MFF | ||
| 650 | 4 |
_aPoesía dominicana _vColecciones _97120 |
|
| 650 | 0 |
_aLiteratura dominicana. _967 |
|
| 651 | 4 |
_aPoetas Dominicanos _vColecciones _923576 |
|
| 700 | 1 |
_aSuncar Chevalier, Manuel E. _eed. _923577 |
|
| 910 | _aValidado. Control de calidad MFF | ||
| 942 |
_2ddc _cLBS1 |
||
| 999 |
_c8735 _d8735 |
||